000 00259nam a2200109Ia 4500
008 190914s9999||||xx |||||||||||||| ||und||
100 _aMackenzie , Phan
245 4 _aThe 8051 Microcontroller
260 _aCanada
_bPearson
_c2006
300 _a700
942 _cBK
999 _c9825
_d9825